[Event "Sampa Chess Open 2024"]
[Site "Sao Paulo"]
[Date "2024.02.03"]
[Round "8.35"]
[White "Da Rocha, Lucas Sampaio"]
[Black "Nunes, Rafael Klanfer"]
[Result "1-0"]
[WhiteElo "1647"]
[BlackElo "1789"]
[PlyCount "89"]
[EventDate "2024.01.29"]
[EventRounds "9"]
[EventCountry "BRA"]

1. e4 c5 2. Nf3 d6 3. c3 Nf6 4. Be2 e5 5. O-O Be7 6. d3 ({RR} 6. Re1 O-O 7. d3
Nc6 8. Nbd2 b5 9. Nf1 b4 10. Ng3 h6 11. d4 bxc3 12. bxc3 cxd4 13. cxd4 exd4 14.
Nxd4 Nxd4 15. Qxd4 Ng4 16. Qd1 Nf6 17. Be3 Be6 18. Bf3 d5 19. e5 Nh7 20. Nh5
Ng5 {Aronian,L (2764)-Grischuk,A (2766) Paris FRA 2018 1/2-1/2 (38)}) ({RR} 6.
Re1 O-O 7. Bf1 Bg4 8. h3 Bxf3 9. Qxf3 Nc6 10. d3 h6 11. Nd2 b5 12. a4 b4 13. g3
bxc3 14. bxc3 Rb8 15. Nc4 Na5 16. Ne3 Nb3 17. Rb1 Qa5 18. Nf5 Rfe8 19. Bxh6
Qxc3 20. Bxg7 Nd2 {Klukin,K (2374)-Aslanov,U (2187) chess.com INT 2022 1-0})
6... O-O 7. h3 h6 $146 ({RR} 7... Nc6 8. Re1 Qc7 9. Bf1 Rd8 10. d4 cxd4 11.
cxd4 d5 12. exd5 Nxd5 13. Nxe5 Nxe5 14. Rxe5 Bf6 15. Re2 Bf5 16. Be3 Bg6 17.
Qd2 Rac8 18. Na3 Nxe3 19. fxe3 Qg3 20. Qe1 Qg5 21. Qf2 Rd5 22. g4 {San Claudio
Gonzalez,F-Jimenez Alvarez,P Asturias 1987 1-0 (40)}) ({RR} 7... Nc6 8. Be3 d5
9. Qc2 d4 10. Bg5 Ne8 11. Bxe7 Qxe7 12. Nbd2 Nd6 13. Rfc1 Be6 14. cxd4 cxd4 15.
Nc4 Nxc4 16. dxc4 f5 17. Bd3 Nb4 18. Qe2 Nxd3 19. Qxd3 Qf6 20. Nd2 fxe4 21.
Nxe4 Qg6 22. Re1 {Alvarez,F (2275)-Rodriguez Fraga,Y Asturias 1998 1/2-1/2 (33)
}) ({RR} 7... Nc6 8. Be3 d5 9. exd5 Nxd5 10. d4 Nxe3 11. fxe3 e4 12. Nh2 Bg5
13. Qd2 Ne7 14. Na3 Nf5 15. Nc2 Ng3 16. Rf2 Be6 17. Nf1 Nxe2+ 18. Rxe2 Bc4 19.
Rf2 cxd4 20. Nxd4 Bd3 21. Rf5 g6 22. Rf2 {Kuijpers,P-Van der Stricht,G (2397)
Roosendaal 2003 0-1 (45)}) 8. Nbd2 Nbd7 9. Re1 d5 10. Bf1 d4 11. Nc4 Qc7 12.
cxd4 cxd4 13. a4 Bb4 14. Bd2 Bxd2 15. Qxd2 Ne8 16. Rec1 Qb8 17. Nh4 Nd6 18.
Nxd6 Qxd6 19. Nf5 Qb6 20. b4 Nf6 21. a5 Qd8 22. Ng3 Bd7 23. f4 Qe7 24. Rc5 exf4
25. Nf5 Bxf5 26. Rxf5 Rac8 27. Be2 Rc3 28. Rf1 g5 29. h4 Nd7 30. hxg5 hxg5 31.
g3 f6 32. gxf4 Rf7 33. fxg5 Rg7 34. Bg4 Ne5 35. Be2 Rxg5+ 36. Rxg5+ fxg5 37.
Rf5 Nf7 38. Bh5 Rc6 39. Bxf7+ Kg7 40. Bh5 Kh6 41. Bg4 Rg6 42. Rc5 Kg7 43. Qh2
Rc6 44. Rxc6 bxc6 45. Qb8 1-0

[Event "Sampa Chess Open 2024"]
[Site "Sao Paulo"]
[Date "2024.02.03"]
[Round "8.36"]
[White "Regiani, Rafael"]
[Black "Deus Filho, Joaquim De"]
[Result "0-1"]
[WhiteElo "1476"]
[BlackElo "1848"]
[PlyCount "126"]
[EventDate "2024.01.29"]
[EventRounds "9"]
[EventCountry "BRA"]

1. e4 c5 2. Nf3 d6 3. d4 cxd4 4. Nxd4 Nf6 5. Nc3 g6 6. Be3 Bg7 7. Be2 O-O 8. h4
h5 9. Qd2 Ng4 10. Bxg4 Bxg4 11. f3 Bd7 12. O-O-O $146 ({RR} 12. Bh6 Nc6 13.
Bxg7 Kxg7 14. O-O-O Qb6 15. Nf5+ Bxf5 16. exf5 Rac8 17. Nd5 Qc5 18. g4 Ne5 19.
gxh5 Nxf3 20. Qg2 Nd4 21. Rxd4 Qxd4 22. hxg6 f6 23. h5 Rh8 24. h6+ Rxh6 25.
Rxh6 Kxh6 26. g7 Kh5 {Hilton,C-Wood,B York/ North Yorkshire 1959 1-0 (39)}) ({
RR} 12. Bh6 Nc6 13. Bxg7 Kxg7 14. g4 hxg4 15. h5 Rh8 16. O-O-O Nxd4 17. Qxd4+
e5 18. Qxd6 Qg5+ 19. Kb1 Be6 20. hxg6 Rxh1 21. Rxh1 Rd8 22. Qc7 gxf3 23. gxf7
Bxf7 24. Qc5 Rd4 25. Nd1 b6 26. Qc8 Bh5 {Lopez de Lerma,R-Grau,J Asturias 1994
0-1 (39)}) 12... Nc6 13. Nxc6 bxc6 14. Bh6 Qa5 15. Bxg7 Kxg7 16. g4 hxg4 17.
fxg4 Rh8 18. Qd4+ f6 19. g5 Qe5 20. gxf6+ exf6 21. Qxe5 fxe5 22. Rxd6 Be8 23.
Re6 Rh5 24. Ne2 Kf7 25. Rd6 Ke7 26. Rd3 Bf7 27. Rhd1 Be6 28. Rg3 Rxh4 29. Rxg6
Rxe4 30. Nc3 Rg4 31. Rg1 Rxg1+ 32. Rxg1 Bd5 33. Nxd5+ cxd5 34. Rg5 Kf6 35. Rh5
a5 36. Kd2 Rb8 37. b3 Rb4 38. c3 Rg4 39. a4 Rg2+ 40. Kc1 Ke6 41. Rh6+ Kf5 42.
Ra6 Ke4 43. Rxa5 d4 44. cxd4 exd4 45. Rh5 d3 46. Rh1 Kd4 47. Rh4+ Kc3 48. Rh1
Ra2 49. Kb1 Rb2+ 50. Ka1 Rxb3 51. Ka2 Rb8 52. Rc1+ Kd4 53. Rd1 Ke3 54. Rh1 d2
55. Rh3+ Ke2 56. Rh2+ Kd3 57. Rh7 d1=Q 58. Rd7+ Kc2 59. Rxd1 Kxd1 60. Ka3 Kc2
61. a5 Kc3 62. Ka4 Kc4 63. a6 Rb1 0-1

[Event "Sampa Chess Open 2024"]
[Site "Sao Paulo"]
[Date "2024.02.03"]
[Round "8.37"]
[White "Bianchini, Marlon"]
[Black "De Paula, Bruno Cesar Lima"]
[Result "0-1"]
[WhiteElo "1255"]
[BlackElo "1676"]
[PlyCount "76"]
[EventDate "2024.01.29"]
[EventRounds "9"]
[EventCountry "BRA"]

1. e4 {ChessBase} e5 2. Nf3 f5 3. Nxe5 Qf6 4. d4 d6 5. Nc4 fxe4 6. Nc3 Qg6 7.
Ne3 Be7 ({RR} 7... c6 8. f3 d5 9. fxe4 dxe4 10. Be2 Nf6 11. O-O Be7 12. Bc4
Nbd7 13. Ne2 Nb6 14. Nf4 Qh6 15. Be6 Nfd5 16. Nexd5 cxd5 17. Bf7+ Kd7 18. Nxd5
Qh4 19. g3 Qh3 20. Nxe7 Kxe7 21. Bg5+ {1-0 (21) Fluvia Poyatos,J (2458)-Permuy
Lorenzo,C (2358) Padron 2006}) ({RR} 7... c6 8. f3 exf3 9. Qxf3 Nf6 10. Bd3 Qf7
11. O-O Be7 12. Ne4 d5 13. Ng5 Qh5 14. Qxh5+ Nxh5 15. Nxh7 Nf6 16. Bg6+ Kd8 17.
Ng5 Kc7 18. Nf5 Bxf5 19. Bxf5 Nbd7 20. Bf4+ Kb6 21. Rae1 Bd8 22. Rf3 {Sukandar,
I (2406)-Magpily,F (1757) chess.com INT 2021 1-0 (32)}) 8. Bc4 $146 ({RR} 8.
Ncd5 Bd8 9. Nf4 Qh6 10. g3 g5 11. Nfg2 Bh3 12. Qe2 c6 13. Ng4 Qe6 14. f3 h5 15.
Nf2 exf3 16. Qxe6+ Bxe6 17. Ne3 d5 18. Bd3 Ne7 19. Bd2 Bb6 20. c3 c5 21. dxc5
Bxc5 22. O-O-O Nbc6 {Wendel,W-Nimzowitsch,A Stockholm 1920 EXT 2013 [ChessBase]
0-1 (31)}) ({RR} 8. Ncd5 Bd8 9. Be2 Qf7 10. O-O c6 11. Nc3 d5 12. f3 exf3 13.
Rxf3 Nf6 14. Bd3 O-O 15. Bf5 Be6 16. Qd3 g6 17. Bxe6 Qxe6 18. Bd2 Nbd7 19. Re1
Qd6 20. a3 Bc7 21. Nf1 Ng4 22. g3 Bb6 {Kovacevic,B (1899)-Milutinovic,D (2076)
Obrenovac 2008 0-1}) 8... Nf6 9. f3 Nc6 10. O-O Bh3 11. fxe4 O-O-O 12. Rf3 Bg4
13. Nxg4 Qxg4 14. Rf1 Qg6 15. Bf4 Nxe4 16. Nxe4 Qxe4 17. Bd3 Qxd4+ 18. Kh1 Bf6
19. c3 Qc5 20. Qc2 h6 21. Rae1 Qh5 22. Bg6 Qd5 23. Be4 Qxa2 24. Bxc6 bxc6 25.
Ra1 Qc4 26. Qf5+ Kb8 27. Qa5 Qc5 28. Qxc5 dxc5 29. Be3 Rd5 30. Ra5 Be7 31. Rfa1
Rhd8 32. g3 Rd1+ 33. Rxd1 Rxd1+ 34. Kg2 Rb1 35. b4 cxb4 36. Bxa7+ Kb7 37. cxb4
Bxb4 38. Ra2 c5 0-1

[Event "Sampa Chess Open 2024"]
[Site "Sao Paulo"]
[Date "2024.02.03"]
[Round "8.39"]
[White "Pittoli, Vinicius Eduardo Mo"]
[Black "Terra, Bruno De Oliveira"]
[Result "1/2-1/2"]
[WhiteElo "1648"]
[BlackElo "1800"]
[PlyCount "85"]
[EventDate "2024.01.29"]
[EventRounds "9"]
[EventCountry "BRA"]

1. e4 {Stockfish 15.1} c6 2. d4 d5 3. Nc3 dxe4 4. Nxe4 Nf6 5. Nxf6+ exf6 6. c3
Be7 7. Bd3 O-O ({RR} 7... Be6 8. Ne2 O-O 9. Qc2 g6 10. h4 f5 11. h5 Re8 12. Nf4
Bf6 13. Kf1 Nd7 14. Bd2 Nb6 15. Re1 Bc4 16. hxg6 hxg6 17. b3 Bxd3+ 18. Qxd3
Rxe1+ 19. Bxe1 Nd5 20. Bd2 Nxf4 21. Bxf4 Qe7 22. Qh3 {Kasparov,G (2825)-Miles,
A (2595) ICC INT 1998 1/2-1/2 (53)}) ({RR} 7... Qd5 8. Ne2 O-O 9. Qc2 g6 10. h4
({RR} 10. Nf4 Qd6) 10... f5 ({RR} 10... Qxg2) 11. c4 ({RR} 11. h5 Re8 12. Kf1
g5 13. h6 f4 14. Bd2 Bf6 15. Rh5 Qd6 16. f3 Nd7 17. g3 fxg3) 11... Qd8 ({RR} 
11... Qxg2 12. Rg1) 12. h5 Be6 13. g4 Bb4+ ({RR} 13... b5 14. hxg6 fxg6 15. Nf4
Qd7 16. Kf1 bxc4 17. Bxc4 Bf7 18. Qb3 fxg4 19. Ne6 h5 20. Nxf8) 14. Kd1 Qf6 ({
RR} 14... Nd7 15. a3 Bd6 16. gxf5 gxf5 17. Bh6 Kh8 18. Bxf8 Nxf8 19. Qd2 Qf6
20. Kc2 b5 21. cxb5) 15. Bh6 ({RR} 15. gxf5 Bd7 16. a3 Na6 17. Be3 Rae8 18.
hxg6 fxg6 19. c5 Bxc5 20. dxc5 Bxf5 21. Bxf5 Qxf5) 15... Re8 ({RR} 15... fxg4)
16. gxf5 Bxf5 17. Bxf5 Qxf5 18. Qxf5 gxf5 19. Ng3 ({RR} 19. Rg1+ Kh8 20. Bg7+
Kg8 21. c5 Na6 22. Be5+ Kf8 23. Bd6+ Re7 24. Ng3 Rd8 25. Nxf5 Rxd6) 19... c5 ({
RR} 19... Bf8 20. Rg1 Nd7 21. Nxf5+ Kh8 22. Nd6 Re7 23. Bg5 f6 24. Be3 Nb6 25.
Nf5 Rd7 26. b3) 20. Nxf5 cxd4 ({RR} 20... Re6 21. Rg1+ Rg6 22. Ne7+ Kh8 23.
hxg6 fxg6 24. a3 Ba5 25. Be3 Nc6 26. Nxc6 bxc6 27. dxc5) 21. Rg1+ Kh8 22. Bg7+
{De Souza,V (1846)-Pereira,V Rio de Janeiro 2023 [Stockfish 15.1] 1-0}) 8. Nf3
Bg4 9. h3 $146 ({RR} 9. O-O c5 10. d5 Bd6 11. Be2 Re8 12. Be3 f5 13. g3 Nd7 14.
Re1 Nf6 15. c4 Ne4 16. Nd2 h5 17. Kg2 Bxe2 18. Rxe2 Qf6 19. f4 Nxd2 20. Qxd2
Re4 21. Qc2 Rae8 22. Rae1 h4 23. Bf2 hxg3 {Sofranov,V (2015)-Angelov,A (2235)
Sunny Beach 2008 1/2-1/2}) 9... Bh5 10. g4 Bg6 11. Nh4 Bxd3 12. Qxd3 Qd5 13.
Rg1 g6 14. c4 Qe6+ 15. Be3 Bb4+ 16. Kf1 Nd7 17. a3 Ba5 18. b4 Bc7 19. Re1 Rfe8
20. Nf5 Nb6 21. Nh6+ Kf8 22. Rc1 Qe4 23. Qxe4 Rxe4 24. Kg2 Bf4 25. Kf3 Bxe3 26.
Kxe4 Bxc1 27. Rxc1 Re8+ 28. Kf3 Kg7 29. g5 f5 30. c5 Nd5 31. Rd1 f6 32. h4 Re4
33. Kg3 Nc3 34. Rd3 Ne2+ 35. Kf3 Nxd4+ 36. Kg3 f4+ 37. Kh3 fxg5 38. hxg5 Nc2
39. Rd7+ Kf8 40. Rxb7 Re7 41. Rb8+ Re8 42. Rb7 Re7 43. Rb8+ 1/2-1/2

[Event "Sampa Chess Open 2024"]
[Site "Sao Paulo"]
[Date "2024.02.03"]
[Round "8.41"]
[White "Mattos, Bernardo Cunha"]
[Black "Re, Vinicius"]
[Result "0-1"]
[WhiteElo "1567"]
[BlackElo "1177"]
[PlyCount "68"]
[EventDate "2024.01.29"]
[EventRounds "9"]
[EventCountry "BRA"]

1. c4 Nf6 2. Nc3 g6 3. e4 d6 4. d4 Bg7 5. h3 O-O 6. Be3 Nc6 7. Nf3 e5 8. d5 Ne7
9. Qd2 Nh5 ({RR} 9... Ne8 10. Bd3 f5 11. Bg5 c5 12. dxc6 bxc6 13. c5 Be6 14.
cxd6 Nxd6 15. O-O f4 16. Rfd1 Qe8 17. Bxe7 Qxe7 18. Na4 g5 19. Nh2 Rad8 20. Qb4
Qf7 21. Nc5 Bc8 22. Be2 h5 23. Rd3 Qg6 24. f3 {Ritscher,J (2322)-Zimmermann,J 
(2306) Germany 2014 1-0 (36)}) ({RR} 9... Ne8 10. g4 c6 11. O-O-O Qa5 12. Kb1
Rb8 13. c5 b5 14. dxc6 Nxc6 15. Nd5 b4 16. Rc1 Be6 17. cxd6 Nxd6 18. Bc4 Nxe4
19. Qd3 Bxd5 20. Qxd5 Nc3+ 21. bxc3 bxc3+ 22. Ka1 Qa3 23. Rc2 Nb4 24. Qe4 {
Lamby,P (2171)-Russo,B (1836) Belgium BEL 2021 0-1 (31)}) 10. g4 Nf6 11. Be2
$146 ({RR} 11. Bh6 a6 12. Bxg7 Kxg7 13. Bd3 Bd7 14. a3 Rb8 15. b4 b6 16. Ke2 c6
17. Rac1 a5 18. bxa5 cxd5 19. Nxd5 Nexd5 20. cxd5 bxa5 21. Rb1 Qc7 22. Rhc1 Qa7
23. Qe3 Qa8 24. Rb6 Rxb6 25. Qxb6 Ne8 {Sorokina,T (2100)-Khalimanov,A (1931)
Novokuznetsk 2014 0-1 (78)}) 11... Ne8 12. Bh6 f5 13. gxf5 gxf5 14. Bxg7 Nxg7
15. h4 fxe4 16. Nxe4 Bg4 17. Nfg5 Bxe2 18. Qxe2 Nef5 19. O-O-O Nd4 20. Qg4 Rf4
21. Qg2 Kh8 22. Qh2 Qd7 23. Rxd4 Nf5 24. Nf6 Qg7 25. Rxf4 exf4 26. Nfxh7 Nd4
27. Re1 f3 28. Re4 Ne2+ 29. Kb1 Qg6 30. Ka1 Re8 31. Rxe8+ Qxe8 32. a3 Qh5 33.
Qh1 Nd4 34. Qc1 Nb3+ 0-1

[Event "Sampa Chess Open 2024"]
[Site "Sao Paulo"]
[Date "2024.02.03"]
[Round "8.43"]
[White "Sulz, Isaque Sathler"]
[Black "Goncalves, Ricardo Henrique Si"]
[Result "1-0"]
[WhiteElo "1516"]
[BlackElo "1800"]
[PlyCount "39"]
[EventDate "2024.01.29"]
[EventRounds "9"]
[EventCountry "BRA"]

1. d4 Nf6 2. Nc3 d6 3. Bf4 g6 4. Nf3 Bg7 5. Qd2 Bg4 6. Bh6 O-O 7. Bxg7 ({RR} 7.
O-O-O Nbd7 8. Bxg7 Kxg7 9. h3 Bxf3 10. exf3 c5 11. g4 cxd4 12. Qxd4 Qb6 13. Qd2
Ne5 14. f4 Nf3 15. Qe3 Qxe3+ 16. fxe3 Nh4 17. Bc4 a6 18. a4 Rac8 19. Bb3 Nd7
20. Bd5 Nc5 21. Rh2 e6 {Montero Martinez,C (1991)-Souza,W (2097) Sao Paulo BRA
2019 1-0 (52)}) 7... Kxg7 8. Ng5 d5 $146 ({RR} 8... c5 9. h3 cxd4 10. hxg4 dxc3
11. Qxc3 h6 12. Nf3 Qc8 13. Qd2 Nxg4 14. e4 Rh8 15. O-O-O Nd7 16. Be2 Qc5 17.
b4 Qxf2 18. Rde1 Qb6 19. Rhf1 Nge5 20. Nd4 a5 21. b5 Qc5 22. Qe3 Rac8 23. Rd1 {
Pollio,C (1972)-Zeballos Luque,G Chile 2010 0-1}) 9. f3 Bc8 10. h4 h6 11. Nh3
h5 12. O-O-O Bf5 13. Nf2 c6 14. e4 Bc8 15. e5 Ng8 16. g4 hxg4 17. fxg4 f6 18.
h5 f5 19. hxg6 Qe8 20. Bd3 1-0

[Event "Sampa Chess Open 2024"]
[Site "Sao Paulo"]
[Date "2024.02.03"]
[Round "8.45"]
[White "Brujin, Homero"]
[Black "Ruvieri, Valter"]
[Result "1-0"]
[WhiteElo "1479"]
[BlackElo "1067"]
[PlyCount "105"]
[EventDate "2024.01.29"]
[EventRounds "9"]
[EventCountry "BRA"]

1. d4 d5 2. Nf3 Nf6 3. g3 Bf5 4. Bg2 e6 5. O-O Be7 6. Nbd2 O-O ({RR} 6... Ne4
7. Ne5 Nxd2 8. Bxd2 Nd7 9. c3 Nxe5 10. dxe5 c6 11. Re1 Qb6 12. Qb3 Bc5 13. Qxb6
Bxb6 14. e4 dxe4 15. Bxe4 Bg6 16. a4 a5 17. Bg5 h6 18. Bf4 Ke7 19. b4 Bxe4 20.
Rxe4 g5 21. Bc1 {Khurtsilava,I (2270)-Kacheishvili,G (2505) Tbilisi 1997 1/2-1/
2 (61)}) ({RR} 6... h6 7. c3 O-O 8. Qb3 Qc8 9. Nh4 Bh7 10. Re1 Ne4 11. Bxe4
dxe4 12. Ng2 c5 13. e3 Nd7 14. a4 Nf6 15. Qc4 Qd7 16. dxc5 Ng4 17. Qd4 Qc6 18.
b4 Rfd8 19. Qc4 Ne5 20. Qa2 Bf6 21. Nf4 {Degirmenci,Y (1917)-Sari,Y (2195)
Konya 2017 0-1}) 7. c4 c6 8. Nh4 $146 ({RR} 8. h3 Nbd7 9. Nh4 Be4 10. Nhf3 Bxf3
11. Bxf3 Re8 12. cxd5 exd5 13. Re1 Bd6 14. Qc2 Qc7 15. Bg2 Re6 16. e4 dxe4 17.
Nxe4 Nxe4 18. Rxe4 Rxe4 19. Bxe4 Nf6 20. Bg2 h6 21. Bd2 Qd7 22. Rd1 Rd8 {
Krennmair,R (2120)-Bere Filho,R (2120) Grieskirchen 1998 1/2-1/2 (42)}) ({RR} 
8. Qb3 Qb6 9. c5 Qxb3 10. axb3 Nbd7 11. b4 a6 12. Nb3 Rfe8 13. Na5 Ra7 14. Bf4
Be4 15. Bc7 Bd8 16. Bd6 Bxf3 17. Bxf3 e5 18. dxe5 Nxe5 19. Bb8 Nxf3+ 20. exf3
Ra8 21. Bd6 Bxa5 22. bxa5 Re2 {Bailo Remacha,S (2036)-Naya Sancho,J (2126)
Aragon 2015 1-0 (58)}) ({RR} 8. b3) 8... Bg4 9. h3 Bh5 10. Re1 Nbd7 11. cxd5
exd5 12. Nf5 Bb4 13. Qb3 Qa5 14. Qd1 Bg6 15. Nh4 Be4 16. f3 Bg6 17. Nxg6 fxg6
18. Rf1 Nh5 19. Kh2 Bd6 20. f4 Qc7 21. e3 c5 22. Bxd5+ Kh8 23. Nb3 c4 24. Nd2
Nb6 25. Bg2 c3 26. bxc3 Qxc3 27. Nb3 Qc7 28. Qf3 Rab8 29. Bd2 Nc4 30. Rac1 b5
31. Rf2 Qf7 32. Qd5 Qe7 33. Qe4 Qd8 34. Qf3 a6 35. Bf1 Rc8 36. Bxc4 bxc4 37.
Na1 g5 38. Qxh5 gxf4 39. exf4 Rb8 40. Rxc4 Rb2 41. Rc2 Rb5 42. Qe2 Re8 43. Qc4
Qb8 44. Nb3 h6 45. Qc6 Rb6 46. Qf3 Rb5 47. Re2 Rf8 48. Na5 g5 49. Nc6 Qb7 50.
Re6 Qc7 51. Rxh6+ Kg7 52. Qh5 Qc8 53. Qg6# 1-0

[Event "Sampa Chess Open 2024"]
[Site "Sao Paulo"]
[Date "2024.02.03"]
[Round "8.46"]
[White "Baena, Mauricio"]
[Black "Yokomizo, Wilton"]
[Result "1/2-1/2"]
[WhiteElo "1180"]
[BlackElo "1395"]
[PlyCount "129"]
[EventDate "2024.01.29"]
[EventRounds "9"]
[EventCountry "BRA"]

1. b3 Nf6 2. Bb2 d5 3. e3 Bf5 4. Nf3 Nbd7 5. Be2 e6 6. Nh4 Be4 $146 ({RR} 6...
Bd6 7. d3 O-O 8. Nxf5 exf5 9. g3 Re8 10. O-O Qe7 11. Bf3 Be5 12. d4 Bd6 13. c4
c6 14. Nc3 Qe6 15. Qd3 Ne4 16. Rac1 Rac8 17. Rc2 Ndf6 18. Rfc1 h5 19. Ne2 g5
20. Bg2 h4 21. f3 {Gonzalez Rodriguez,J (2367)-Sanfeliu Fabregas,A (2081)
Barcelona 2005 1-0 (46)}) ({RR} 6... Bd6 7. Nxf5 exf5 8. c4 O-O 9. O-O Re8 10.
g3 c6 11. Nc3 dxc4 12. bxc4 Ne4 13. d3 Ba3 14. Qc2 Bxb2 15. Qxb2 Nxc3 16. Qxc3
Ne5 17. d4 Ng4 18. Rab1 Qd7 19. Bxg4 fxg4 20. Rfd1 Rad8 21. d5 {Ostojic,N 
(2440)-Todorovic,G (2465) Belgrade 1998 1/2-1/2 (34)}) ({RR} 6... Bg6 7. Nxg6
hxg6 8. d3 Bd6 9. Nd2 Qe7 10. c4 c6 11. Qc2 a5 12. a3 g5 13. d4 Nf8 14. c5 Bc7
15. O-O-O e5 16. h3 exd4 17. exd4 Ne6 18. Rhe1 O-O 19. Bd3 g6 20. Nf3 Kg7 21.
g3 {Amini,A (2318)-Babaniya,B (2184) Anzali Free Zone IRI 2019 0-1 (48)}) ({RR
} 6... Bg6 7. d3 Bd6 8. Nd2 Qe7 9. c4 c6 10. Nxg6 hxg6 11. Qc2 Ne5 12. h3 Neg4
13. Rf1 Nh2 14. Rg1 g5 15. O-O-O O-O-O 16. e4 dxe4 17. Nxe4 Bf4+ 18. Kb1 g4 19.
Nxf6 gxf6 20. hxg4 Rhg8 21. d4 {Delaunay,S (2347)-Batard,D (2024) Gorges 2007
1-0 (31)}) ({RR} 6... Bg6 7. Nxg6 hxg6 8. c4 c6 9. Nc3 Bd6 10. h3 Qe7 11. a3 a6
12. b4 Rc8 13. O-O g5 14. d3 Rh4 15. Qe1 Rh7 16. f4 gxf4 17. exf4 g6 18. Qd2
Nh5 19. cxd5 cxd5 20. Nxd5 Qh4 21. Bxh5 {Najdorf,M-Carbone,J Buenos Aires 1972
1-0 (40)}) 7. d3 Bg6 8. Nxg6 hxg6 9. Qd2 c6 10. Bf3 Bd6 11. Nc3 Qc7 12. O-O-O
O-O-O 13. h3 Ne5 14. Qe2 Qa5 15. Kb1 Bb4 16. Qe1 c5 17. d4 cxd4 18. exd4 Nxf3
19. gxf3 Rd6 20. Qe3 Kb8 21. Rd3 Rc8 22. Ne2 Ra6 23. a4 Rac6 24. c3 Bd6 25. Kc2
b5 26. Ra1 b4 27. Kd1 Nh5 28. Rc1 bxc3 29. Rcxc3 Qc7 30. Rxc6 Qxc6 31. Rc3 Qb7
32. Bc1 Ka8 33. Rxc8+ Qxc8 34. Qc3 Qxc3 35. Nxc3 Bf4 36. Be3 a6 37. b4 Bxe3 38.
fxe3 Kb7 39. a5 Kc6 40. Ke2 Ng3+ 41. Kf2 Nf5 42. f4 Nd6 43. Kf3 Ne4 44. Nxe4
dxe4+ 45. Kxe4 Kb5 46. Kd3 Kxb4 47. e4 Kxa5 48. Kc4 Kb6 49. h4 a5 50. e5 f6 51.
d5 exd5+ 52. Kxd5 fxe5 53. fxe5 Kc7 54. Ke6 a4 55. Kf7 a3 56. e6 a2 57. e7 a1=Q
58. e8=Q Qf6+ 59. Kg8 Kd6 60. Qf8+ Ke6 61. Qxg7 Qd8+ 62. Qf8 Qxh4 63. Qf7+ Ke5
64. Qxg6 Qd8+ 65. Kg7 1/2-1/2

[Event "Sampa Chess Open 2024"]
[Site "Sao Paulo"]
[Date "2024.02.03"]
[Round "8.47"]
[White "Bomeisel, Pedro Rangel"]
[Black "Navarro, Gustavo Kazuo Yura"]
[Result "1/2-1/2"]
[WhiteElo "1385"]
[BlackElo "1800"]
[PlyCount "53"]
[EventDate "2024.01.29"]
[EventRounds "9"]
[EventCountry "BRA"]

1. e4 c6 2. d4 d5 3. Nc3 dxe4 4. Nxe4 Nf6 5. Nxf6+ exf6 6. Nf3 g6 ({RR} 6...
Bf5 7. Bd3 Bg6 8. O-O Be7 9. c4 O-O 10. Bxg6 hxg6 11. Be3 Na6 12. Qb3 Qc7 13.
a3 g5 14. Qc2 Rfe8 15. Rfd1 Bd6 16. h3 Qd7 17. c5 Bf8 18. d5 cxd5 19. b4 Nc7
20. Rac1 Rac8 21. c6 {Nevednichy,V (2560)-Miladinovic,I (2559) Kragujevac 2010
1-0 (41)}) 7. Be2 Bg7 8. O-O O-O 9. Be3 $146 ({RR} 9. Re1 Be6 10. c3 Qc7 11.
Be3 Nd7 12. b3 Bg4 13. Rc1 Bxf3 14. Bxf3 f5 15. g3 Nf6 16. c4 Qd7 17. Qc2 Rfd8
18. Rcd1 Ne4 19. d5 Rac8 20. Bxe4 fxe4 21. Bxa7 f5 22. dxc6 Qxc6 23. Be3 Qc7 {
Zhou,Z (1439)-Lu,L Changsha CHN 2019 1-0}) 9... Be6 10. Qd2 Nd7 11. c4 Nb6 12.
b3 Re8 13. Rad1 Rc8 14. Rfe1 Qc7 15. d5 cxd5 16. Bxb6 axb6 17. cxd5 Red8 18.
Bc4 Qc5 19. Rc1 Qa3 20. Rc2 Bf5 21. Bd3 Rxc2 22. Qxc2 Bxd3 23. Qxd3 Qd6 24. Rd1
f5 25. Ne1 Bh6 26. a4 Bf4 27. h3 1/2-1/2

[Event "Sampa Chess Open 2024"]
[Site "Sao Paulo"]
[Date "2024.02.03"]
[Round "8.49"]
[White "De Bastiani, Tales Otavio"]
[Black "De Souza, Ricardo Alves"]
[Result "0-1"]
[WhiteElo "1800"]
[BlackElo "1322"]
[PlyCount "100"]
[EventDate "2024.01.29"]
[EventRounds "9"]
[EventCountry "BRA"]

1. c4 c6 2. Nc3 d5 3. cxd5 cxd5 4. d4 Nf6 5. Bf4 Bf5 6. e3 e6 7. Nf3 ({RR} 7.
Bd3 Bd6 {1/2-1/2 (7) Petkov,V (2549)-Petrov,M (2489) Can Picafort 2013}) ({RR} 
7. Qb3 b6 8. Nb5 Na6 9. Qa4 Nb4 10. Nd6+ Ke7 11. Qxb4 Kd7 12. Bb5+ Kc7 13. Rc1+
Kb8 14. Nxf7+ Kb7 15. Nxd8+ Rxd8 16. Bc6+ Kc8 17. Bb5+ Kb7 18. Rc7+ Ka8 19.
Bc6+ Kb8 20. Re7+ Kc8 {1-0 (20) Orrego Palermo,M (1632)-Avalos Sanabria,A 
(1474) Asuncion PAR 2019}) 7... Nbd7 8. Bd3 $146 ({RR} 8. Be2 Be7 9. Rc1 O-O
10. O-O Ne4 11. h3 Ndf6 12. Nh4 Nxc3 13. bxc3 Be4 14. f3 Bg6 15. Nxg6 hxg6 16.
Qb3 b6 17. c4 Bd6 18. Bg5 Be7 19. c5 bxc5 20. dxc5 Qa5 21. c6 Rab8 22. Qd3 Bd6
{Matyas,I-Rigo,J Aggtelek 1997 0-1 (47)}) ({RR} 8. Be2 Be7 9. O-O O-O 10. Rc1
a6 11. Ne5 Nxe5 12. Bxe5 Nd7 13. Bf4 f6 14. Bf3 Nb6 15. e4 dxe4 16. Nxe4 Nd5
17. Bg3 Qb6 18. b3 Rac8 19. Rxc8 Rxc8 20. Qd2 Bb4 21. Qb2 Nc3 22. Nxc3 Bxc3 {
Perez Garcia,J-Gutierrez Garcia,R (1512) Santa Cruz de la Palma 2014 0-1 (64)})
({RR} 8. Bb5 a6 9. Bxd7+ Qxd7 10. Ne5 Qd8 11. O-O Be7 12. Rc1 Rc8 13. Qa4+ Nd7
14. Ne2 f6 15. Nxd7 Qxd7 16. Rxc8+ Bd8 17. Qxd7+ Kxd7 18. Rfc1 {1-0 (18)
Baryshnikova,N-Veselova,N Dagomys 2009}) 8... Bxd3 9. Qxd3 Be7 10. O-O O-O 11.
Ne5 a6 12. h3 Rc8 13. Rac1 b5 14. a3 Nb6 15. Rfe1 Nc4 16. Nxc4 bxc4 17. Qd2 Bd6
18. Bxd6 Qxd6 19. f3 Rb8 20. Rcd1 Rb3 21. e4 Qg3 22. Rb1 Rfb8 23. Re3 Qg6 24.
Kf2 h5 25. Re2 h4 26. Rbe1 Qg3+ 27. Kf1 dxe4 28. Qe3 Rxb2 29. fxe4 Rxe2 30.
Qxg3 hxg3 31. Rxe2 Rb3 32. Rc2 Rxa3 33. Ne2 Nxe4 34. Ke1 c3 35. Rc1 g5 36. Rc2
a5 37. Rc1 a4 38. Rc2 Ra1+ 39. Rc1 Rxc1+ 40. Nxc1 a3 41. Nb3 Kf8 42. Kd1 Ke7
43. Kc2 f5 44. Nc1 Kd6 45. Na2 Kd5 46. Nxc3+ Nxc3 47. Kxc3 a2 48. Kb2 Kxd4 49.
Kxa2 Ke3 50. Kb2 Kf2 0-1

[Event "Sampa Chess Open 2024"]
[Site "Sao Paulo"]
[Date "2024.02.03"]
[Round "8.51"]
[White "Leal, Alexandre Garcia"]
[Black "Damasio, Fabio Ferreira"]
[Result "1-0"]
[WhiteElo "1899"]
[BlackElo "1296"]
[PlyCount "99"]
[EventDate "2024.01.29"]
[EventRounds "9"]
[EventCountry "BRA"]

1. d4 Nf6 2. c4 e6 3. g3 d5 4. Bg2 Be7 5. Nc3 ({RR} 5. Bf1) 5... O-O 6. Qb3 ({
RR} 6. b3 c6 7. e3 b6 8. Nge2 Bb7 9. O-O Nbd7 10. a4 a5 11. Bb2 Nb8 12. cxd5
cxd5 13. Nb5 Na6 14. Nec3 Rc8 15. Qd2 Bb4 16. f3 Qd7 17. Rfc1 Rfd8 18. Bf1 Nc7
19. Qd1 Na6 20. Na7 Ra8 {Brineva,E (1812)-Iakushkov,P (1652) Voronezh RUS 2019
1-0 (58)}) 6... c6 7. Bg5 Nbd7 $146 ({RR} 7... h6 8. Bxf6 Bxf6 9. e3 Nd7 10.
Nge2 Qb6 11. Na4 Qxb3 12. axb3 a6 13. f4 g6 14. h4 h5 15. Bf3 Bg7 16. g4 hxg4
17. Bxg4 f5 18. Bf3 Nf6 19. Kd2 Kf7 20. Rag1 Rg8 21. Rg2 Bd7 22. Nc5 {Azevedo
Junior,J (2057)-Correa,L (1745) Teresina 2013 1-0 (31)}) 8. Nf3 b6 9. O-O Ba6
10. Nd2 h6 11. Bxf6 Bxf6 12. e3 e5 13. Qa4 Qc8 14. Bh3 Rd8 15. dxe5 Bxe5 16.
Rfd1 Bxc3 17. bxc3 b5 18. cxb5 Bxb5 19. Qb4 Qc7 20. Qe7 Rac8 21. c4 Ba4 22. Nb3
Nf6 23. Qa3 Bxb3 24. axb3 Ra8 25. Bg2 Qd6 26. Qxd6 Rxd6 27. e4 Rdd8 28. exd5
cxd5 29. Bxd5 Nxd5 30. Rxd5 Rxd5 31. cxd5 Kf8 32. d6 Rd8 33. Rxa7 Rxd6 34. Ra2
Rd1+ 35. Kg2 Rb1 36. Ra8+ Ke7 37. Ra7+ Kf6 38. Rb7 Rb2 39. Kf3 g5 40. Rb6+ Kg7
41. b4 f6 42. Rb7+ Kg6 43. h3 h5 44. Rb8 h4 45. g4 Rb3+ 46. Kg2 Kf7 47. b5 Kg7
48. b6 Rb2 49. b7 Kf7 50. Rh8 1-0